/جرائم قاهر العفاريت :الشيطان الذي أخرجته من القمقم (Record no. 16019)
[ view plain ]
| 000 -الفاتح | |
|---|---|
| حقل البيانات ثابتة الطول | 00720nam a22001697a 4500 |
| 008 - عناصر البيانات ثابتة الطول - معلومات عامة | |
| حقل البيانات ثابتة الطول | 110913s1995 ua|||||r|||| 00| 0 ara d |
| 020 ## - الرقم الدولى المعيارى للكتب | |
| الرقم الدولى المعيارى للكتاب | 9770083100 |
| 082 ## - رقم تصنيف ديوى العشرى | |
| رقم الطبعة | 22 |
| رقم التصنيف | 364.16 |
| رقم المادة | ش و ك |
| 100 ## - المدخل الرئيسى - إسم شخصى | |
| 9 (RLIN) | 27162 |
| الإسم الشخصى | شوكت ، صابر |
| 245 ## - بيان العنوان | |
| العنوان | /جرائم قاهر العفاريت :الشيطان الذي أخرجته من القمقم |
| بيان المسئوليه,etc | صابر شوكت |
| 260 ## - PUBLICATION, DISTRIBUTION, ETC. (IMPRINT) | |
| مكان الناشر او الموزع | القاهرة : |
| اسم الناشر او الموزع | دار الجنتل، 1995 |
| تاريخ النشر أو التوزيع | 1995 |
| 300 ## - الوصف المادى | |
| التعداد | 284 ص : |
| تفاصيل ماديه اخرى للوعاء | صور ، |
| أبعاد الوعاء | 24 سم |
| 650 ## - المدخل الاضافى بالموضوع-مصطلح موضوعى | |
| 9 (RLIN) | 27164 |
| مصطلح موضوعي أو اسم جغرافي كعنصر مدخل | جرائم الاحتيال والنصب |
| 653 ## - مصطلح تكشيفى غير مقيد | |
| Resource For college | |
| 942 ## - عناصر المدخل الإضافي( كوها) | |
| مصدر التصنيف او مخطط الترفيف | Dewey Decimal Classification |
| Koha [default] item type | Book - Borrowing |
| حالة التراجع | حالة الفقد | مصدر التصنيف او خطة الترفيف | حالة تلف | ليس للاعارة | مجموعات كوها | المكان الدائم | المكان الحالي | موقع الترفيف | تاريخ الاكتساب | Source of acquisition | رقم الاستدعاء | الباركود | Date last seen | مُعار | نوع الوعاء |
|---|---|---|---|---|---|---|---|---|---|---|---|---|---|---|---|
| Dewey Decimal Classification | Alef-Baa | Central Library | Central Library | First floor | 13/09/2011 | 364.16 ش و ك | 000024725 | 15/07/2025 | 01/11/2020 | Book - Borrowing |